000 01782cam a22003857a 4500
001 16858211
003 ARRUPE
005 20140908135006.0
008 110706s2011 coua b 000 0aeng d
010 _a 2011933706
020 _a9781434764188
020 _a1434764184
035 _a(OCoLC)ocn755926084
040 _aKFW
_cKFW
_dWIM
_dMNF
_dVP@
_dILC
_dDLC
042 _alccopycat
050 0 0 _aPS3563.A5365
_bZ46 2011
100 1 _aManning, Brennan.
_911104
245 1 0 _aAll is grace :
_ba ragamuffin memoir /
_cBrennan Manning with John Blase ; [foreword by Philip Yancey].
250 _a1st ed.
260 _aColorado Springs, CO :
_bDavid C. Cook,
_c2011.
300 _a240 p. :
_bill. ;
_c22 cm.
504 _aIncludes bibliographical references (p. 239-240).
505 0 _aForeword / Philip Yancey -- Reader testimonies -- A word before -- Introduction -- Part I: Richard -- Part II: Brennan -- Part III: Me -- A word after -- Photo gallery.
520 _aBrennan Manning roves back through his past, honoring the lives of the people closest to him, family and friends who've known the saint and the sinner, the boy and the man. Far from some chronological timeline, these memories are witness to the truth of life by one who has lived it.
600 1 0 _aManning, Brennan.
_911105
650 0 _aChristian biography.
_911106
650 0 _aEx-monks
_vBiography.
_911107
700 1 _aBlase, John.
_911108
700 1 _aYancey, Philip.
_911109
856 4 2 _3Contributor biographical information
_uhttp://www.loc.gov/catdir/enhancements/fy1206/2011933706-b.html
906 _a7
_bcbc
_ccopycat
_d2
_encip
_f20
_gy-gencatlg
942 _2lcc
_cMONOGRAPH
999 _c120790
_d120790